Het Eerste Land dat Dit Gedaan Heeft - Statistieken

Algemene statistieken
  • Deze quiz is 3.451 keer genomen
  • De gemiddelde score is 10 van 20
Antwoordstatistieken
Hint Jaar Land % Correct
Een mens op de maan zetten * 1969 Verenigde Staten
99%
Een satelliet in een baan om de Aarde schieten 1957 Sovjet-Unie
92%
Meer dan 1 miljard inwoners hebben 1982 China
82%
De hele wereld rondvaren 1522 Spanje
75%
Huwelijk tussen twee mensen van hetzelfde geslacht toestaan 2000 Nederland
71%
De moderne Olympische Spelen houden 1896 Griekenland
70%
Een spoorlijn met stoomtreinen voor passagiersvervoer 1825 Verenigd Koninkrijk
67%
De volledige Middellandse Zee bezitten * 44 Romeinse Rijk
53%
Het FIFA Wereldkampioenschap winnen 1930 Uruguay
51%
Van Europa naar India zeilen 1498 Portugal
50%
Een gebied groter dan het huidige Rusland beslaan 13e eeuw Mongolië
48%
Een hogesnelheidsspoorlijn bouwen 1964 Japan
47%
Een heteluchtballon maken 1783 Frankrijk
42%
Een bouwwerk van meer dan 100 m hoog bouwen c. 2600 v.C. Egypte
37%
Kauwgom verbieden * 1992 Singapore
31%
Een raket de ruimte in schieten 1944 Duitsland
28%
Meer dan 1/3 van de wereldbevolking hebben * c. 500 v.C. Perzische Rijk
13%
Onafhankelijk worden van het Franse Rijk 1804 Haïti
12%
Een harttransplantatie uitvoeren 1967 Zuid-Afrika
11%
Het Christendom als staatsreligie introduceren 301 Armenië
9%
Geen overeenkomende quizzen gevonden
Scoreverdeling
Procent van Mensen met Elke Score
Percentiel versus Aantal Correcte Antwoorden
Uw Scoregeschiedenis
U heeft deze quiz nog niet genomen